000 01157nam a2200325 a 4500
001 000116102
003 CHAP
005 20220329144601.0
008 190910s2017 mx |r| ||||||spa d
010 _a112563
011 _a113535
020 _a9786078501243
040 _cCHAP
082 0 4 _a338.17097244
_bA32
100 1 _aAlatorre Gordillo, Florencia.
_9136829
245 1 0 _aMercado institucional y su vinculación con los pequeños productores de alimentos /
_cpor Florencia Alatorre Gordillo.
260 _aMéxico, D.F. :
_bCámara de Diputados LXIV Legislatura, Centro de Estudios para el Desarrollo Rural Sustentable y la Soberanía Alimentaria,
_c2017.
300 _a159 p.
490 _aEstudios e investigación
590 _aBATCH-UPD
_b05
_c20190910
_lUCH01
_h1021
590 _aE5765TAJ
_b05
_c20190910
_lUCH01
_h1020
650 1 4 _aCondiciones rurales
_xMéxico.
_926329
650 1 4 _aGranjas familiares.
_950405
650 1 4 _aProductos agrícolas
_xMercadeo
_zMéxico.
_991999
650 1 4 _aSeguridad alimentaria
_zMéxico.
_9133064
830 0 _aEstudios e investigación
_9127854
901 _aBK
942 _cLIBRO
942 _n0
999 _c112563
_d112563